International rugby records (Top 10). - Statistics

General Stats
  • This quiz has been taken 19 times
  • The average score is 20 of 41
Answer Stats
Record % Correct
Alun Wyn Jones
93%
Stephen Jones
93%
Dan Carter
87%
Jonny Wilkinson
87%
Richie McCaw
87%
Owen Farrell
80%
Shane Williams
80%
Brian O'Driscoll
73%
David Campese
73%
Bryan Habana
67%
Jonathan Sexton
67%
Sergio Parisse
67%
George Gregan
60%
Andrew Mehrtens
53%
Doug Howlett
53%
Gethin Jenkins
53%
John Smit
53%
Julian Savea
53%
Neil Jenkins
53%
Ronan O'Gara
53%
Sam Whitelock
53%
Joe Rokocoko
47%
Rory Underwood
47%
Christian Cullen
40%
Diego Domínguez
40%
Hugo Porta
40%
John Eales
33%
Michael Hooper
33%
Rob Andrew
33%
Thierry Dusautoir
33%
Daisuke Ohata
27%
Keven Mealamu
27%
Florin Vlaicu
20%
Naas Botha
20%
Stephen Moore
20%
Will Carling
20%
Dan Parks
13%
Hirotoki Onozawa
13%
Jean-Patrick Lescarboura
13%
Mihai Macovei
13%
Stefano Bettarello
13%
No matching quizzes found
Score Distribution
Percent of People with Each Score
Percentile by Number Answered
Your Score History
You have not taken this quiz